Kukat - Statistics

Yleistilastot
  • Tätä visaa on pelattu 100 kertaa
  • Keskiarvotulos 10 / 21
Vastaustilastot
Kuvavisa Vastaus % Oikein
Kielo
97%
Kissankello
85%
Leskenlehti
75%
Koiranputki
70%
Puna-apila
70%
Maitohorsma
68%
Metsätähti
68%
Ulpukka
66%
Sinivuokko
59%
Ohdake
46%
Hiirenvirna
45%
Pietaryrtti
41%
Niittyleinikki
39%
Harakankello
34%
Kullero
34%
Kultapiisku
28%
Kurjenpolvi
24%
Pihasaunio
15%
Metsäapila
4%
Kannusruoho
3%
Peltovalvatti
3%
Ehtoja vastaavia visoja ei löytynyt
Tulosjakauma
Jokaisen tuloksen saaneiden osuus
Persentiili vastausten määrän mukaan
Tuloshistoriasi
Et ole pelannut tätä visaa